000 00517nam a22001697a 4500
005 20251108171226.0
008 250721s9999 xx 000 0 ara d
082 1 4 _aم/413/زبيد
100 1 _aالزبيدي، محمد ...
245 1 0 _aشرح القاموس المسمى تاج العروس من جواهر القاموس /
264 _bدار الفكر للنشر،
_c[19-].
300 _a10ج
650 1 7 _aاللغة العربية
650 1 7 _aالمعاجم
942 _2ddc
_cREF
999 _c59818
_d59818